header

Ethnicity and globalization (Record no. 200472)

MARC details
000 -LEADER
fixed length control field 01327nam a2200361Ia 4500
082 04 - DEWEY DECIMAL CLASSIFICATION NUMBER
Classification number 305.8
100 1# - MAIN ENTRY--AUTHOR NAME
Personal name Castles, Stephen.
245 10 - TITLE STATEMENT
Title Ethnicity and globalization
260 ## - PUBLICATION, DISTRIBUTION, ETC. (IMPRINT)
Place of publication London ;
-- Thousand Oaks, Calif. :
Name of publisher Sage Publications,
Year of publication 2000.
300 ## - PHYSICAL DESCRIPTION
Number of Pages xi, 228 p.
650 #0 - SUBJECT ADDED ENTRY--TOPICAL TERM
Topical Term Emigration and immigration.
Topical Term Ethnicity.
Topical Term Globalization.
Topical Term Multiculturalism.
856 40 - ELECTRONIC LOCATION AND ACCESS
Uniform Resource Identifier http://site.ebrary.com/lib/rucke/Doc?id=10567063

No items available.

© 2026 Rongo University
Contact us: librarian | system librarian | Rongo university